书目信息 |
| 题名: |
打开爱的窗扉:怎样写情书
|
|
| 作者: | 殷智元 , 何诚 著 | |
| 分册: | ||
| 出版信息: | 北京 中国工人出版社 1998.08 |
|
| 页数: | 289页 | |
| 开本: | 32开 | |
| 丛书名: | ||
| 单 册: | ||
| 中图分类: | H152.3 | |
| 科图分类: | ||
| 主题词: | 汉语--写作 , 汉语--修辞 | |
| 电子资源: | ||
| ISBN: | 7-5008-1902-1 | |
| 000 | 00637nam0 2200217 45 | |
| 001 | 0006201542 | |
| 005 | 20000620154601.8 | |
| 010 | @a7-5008-1902-1@d15.00元 | |
| 100 | @a20000620d1998 km y0chiy0120 ea | |
| 101 | 0 | @achi |
| 105 | @a z 000yy | |
| 200 | 1 | @a打开爱的窗扉:怎样写情书@ADa Kai Ai De Chuang Fei:Zen Yang Xie Qing Shu@f殷智元,何诚著@FYin Zhi Yuan,He Cheng Zhu |
| 210 | @a北京@c中国工人出版社@d1998.08 | |
| 215 | @a289页@d32开 | |
| 606 | 0 | @a汉语@x写作 |
| 606 | 0 | @a汉语@x修辞 |
| 690 | @aH152.3@v3 | |
| 701 | 0 | @a殷智元@4著 |
| 701 | 0 | @a何诚@4著 |
| 801 | @aCN@bPftUser@c20000620 | |
| 905 | @b163860-864@dH152.3@eY933@f5 | |
| 打开爱的窗扉:怎样写情书/殷智元,何诚著.-北京:中国工人出版社,1998.08 |
| 289页;32开 |
| ISBN 7-5008-1902-1:15.00元 |
| ● |
| 相关链接 |
|
|
|
正题名:打开爱的窗扉:怎样写情书
索取号:H152.3/Y933
 
预约/预借
| 序号 | 登录号 | 条形码 | 馆藏地/架位号 | 状态 | 备注 |
| 1 | 163860 | 201638601 | 社科二线400B/400B社科库 4排3列6层/ [索取号:H152.3/Y933] | 在馆 | |
| 2 | 163861 | 201638610 | 自科二线504/504自科库 14排1列2层/ [索取号:H152.3/Y933] | 在馆 | |
| 3 | 163862 | 201638629 | 社科二线400B/400B社科库 4排3列6层/ [索取号:H152.3/Y933] | 在馆 | |
| 4 | 163863 | 201638638 | 自科二线504/504自科库 28排2列3层/ [索取号:H152.3/Y933] | 在馆 | |
| 5 | 163864 | 201638647 | 社科二线400B/400B社科库 4排3列5层/ [索取号:H152.3/Y933] | 在馆 |